| 000 | 00391nam a2200145Ia 4500 | ||
|---|---|---|---|
| 008 | 220204s9999 xx 000 0 und d | ||
| 082 |
_a575.17 _bERI |
||
| 245 | 0 | _aPopulation structure and genetic disorders | |
| 260 |
_aLondon _bAcademic _c1980 |
||
| 650 | _aGenetic disorder | ||
| 650 | _aHereditary disease | ||
| 650 | _aPopulation structure | ||
| 700 | _aERIKSON, Alder W | ||
| 942 | _cBK | ||
| 999 |
_c36698 _d36698 |
||